| 000 | 00902naa a22002897a 4500 | ||
|---|---|---|---|
| 001 | BR8105692 | ||
| 003 | BR-BrBNA | ||
| 005 | 20250716171944.0 | ||
| 007 | ta | ||
| 008 | 250630b bl.|||m| |||| 00| 0 por d | ||
| 040 |
_aBR-BrBNA _bpor _cBiblioteca Nacional de Agricultura |
||
| 041 | _a(Pt) | ||
| 072 |
_aF10 _b/G514 |
||
| 090 | _aF10 BR8105692 | ||
| 100 | 1 | _aSilva, E.M. da | |
| 100 | 1 | _aSilva, M.M.P. | |
| 245 | 1 | _aProbabilidade de ocorrencia de granizo no Rio Grande do Sul [Brasil] | |
| 500 | _aBoletim tecnico Brasilia, DF (Brasil): 1981. p. 91-146 [38 graphs; 8 ref.; Summaries (En, Pt)] (BR8105692-AMS) | ||
| 650 | _aMETEOROLOGIA | ||
| 650 | _aCLIMA | ||
| 650 | _aCHUVA | ||
| 650 | _aGRANIZO | ||
| 650 | _aRIO GRANDE DO SUL | ||
| 490 |
_aBoletim Tecnico - Instituto Nacional de Meteorologia (Brazil) _vno. 20 |
||
| 942 |
_cAMS _2AGRIS |
||
| 909 |
_a202506 _bLúcia _c55 _dLúcia Elande |
||
| 999 |
_c333821 _d333821 |
||